[Event "6th Open"]
[Site "Dubai UAE"]
[Date "2004.04.25"]
[Round "7"]
[White "Al Sayed,Mohamad"]
[Black "Sveshnikov,E"]
[Result "1-0"]
[WhiteElo "2426"]
[BlackElo "2535"]

1.e4 c5 2.Nc3 Nc6 3.Nge2 Nf6 4.d4 cxd4 5.Nxd4 e5 6.Ndb5 d6 7.Bg5 a6 8.Na3 Be6
9.Nc4 Rc8 10.Nd5 Bxd5 11.Bxf6 gxf6 12.Qxd5 f5 13.O-O-O b5 14.Ne3 Bh6 15.Kb1 Bxe3
16.fxe3 fxe4 17.Qxe4 Qc7 18.g3 Ne7 19.Bh3 Rd8 20.Qg4 Rg8 21.Qh5 Rg7 22.Rhf1 Ng8
23.Rd2 Qe7 24.Bg2 Nf6 25.Qh6 Rg6 26.Bc6+ Rd7 27.Qh4 h6 28.Rdf2 Ng4 29.Qxe7+ Kxe7
30.Rxf7+  1-0

[Event "Corsica Hotels Masters"]
[Site "Bastia FRA"]
[Date "2004.04.27"]
[Round "2"]
[White "Moingt,JC"]
[Black "Calistri,T"]
[Result "1/2-1/2"]
[WhiteElo "2296"]
[BlackElo "2325"]

1.e4 c5 2.Nc3 Nc6 3.Nf3 e5 4.Bc4 Be7 5.d3 Nf6 6.Ng5 O-O 7.f4 d5 8.Bxd5 exf4
9.Bxc6 bxc6 10.Bxf4 Nd5 11.Qh5 h6 12.exd5 hxg5 13.Bd2 cxd5 14.O-O-O Be6 15.h4 gxh4
16.g3 d4 17.Ne4 Qd5 18.Rxh4 Bxh4 19.Qxh4 f6 20.Bf4 c4 21.Rh1 c3 22.bxc3 Rad8
23.c4 Qa5 24.Qh7+ Kf7 25.Nd6+ Ke7 26.Qxg7+ Bf7 27.Kd1 Qc5 28.Re1+ Kd7 29.Nxf7 Qh5+
30.g4 Qxf7 31.Qxf7+ Rxf7 32.Re4 Kc6 33.Bg3 f5 34.gxf5 Rxf5 35.Be1 Rh5 36.Re6+ Kb7
37.Re4 Kc6 38.Re6+ Kb7 39.Re4 Kc6  1/2-1/2

[Event "6th Open"]
[Site "Dubai UAE"]
[Date "2004.04.27"]
[Round "8"]
[White "Shanava,K"]
[Black "Anastasian,A"]
[Result "1/2-1/2"]
[WhiteElo "2428"]
[BlackElo "2587"]

1.e4 c5 2.Nf3 Nc6 3.Nc3 Nf6 4.d4 cxd4 5.Nxd4 Qb6 6.Nb3 e6 7.Be3 Qc7 8.Bd3 a6
9.O-O b5 10.f4 d6 11.Kh1 Be7 12.Qf3 Bb7 13.Rae1 Nb4 14.a3 Nxd3 15.cxd3 Rc8
16.Qh3 Qd7 17.Nd4 g6 18.Nf3 O-O 19.f5 exf5 20.exf5 Nh5 21.Bd4 Bf6 22.Bxf6 Nxf6
23.Ng5 Rce8 24.Rxe8 Rxe8 25.fxg6 fxg6 26.Nce4 Bxe4 27.Nxe4 Qd8 28.Qf3 Nxe4
29.dxe4 Qe7 30.h3 Kg7 31.Qc3+ Qe5 32.Qc7+ Qe7 33.Qc6 Qxe4 34.Qxd6 Qe6 35.Qd4+ Qe5
36.Qa7+ Re7 37.Qxa6  1/2-1/2

[Event "6th Open"]
[Site "Dubai UAE"]
[Date "2004.04.27"]
[Round "8"]
[White "Iuldachev,S"]
[Black "Wahono,A"]
[Result "1-0"]
[WhiteElo "2536"]
[BlackElo "2379"]

1.e4 c5 2.Nc3 Nc6 3.Bb5 d6 4.Bxc6+ bxc6 5.f4 g6 6.Nf3 Bg7 7.d3 Nf6 8.O-O O-O
9.Qe1 c4 10.dxc4 Ba6 11.b3 d5 12.e5 Ne8 13.Be3 Nc7 14.Rd1 Qe8 15.Rf2 dxc4
16.b4 Nd5 17.Nxd5 cxd5 18.Rxd5 f6 19.Bd4 Bb7 20.Rc5 Qd7 21.c3 Bd5 22.Rd2 Qb7
23.Qg3 Rfd8 24.exf6 exf6 25.f5 Bf7 26.Re2 Re8  1-0

[Event "Corsica Hotels Masters"]
[Site "Bastia FRA"]
[Date "2004.04.30"]
[Round "7"]
[White "Hamdouchi,H"]
[Black "Calistri,T"]
[Result "1-0"]
[WhiteElo "2544"]
[BlackElo "2325"]

1.e4 c5 2.Nc3 Nc6 3.Bb5 Nd4 4.Bc4 e6 5.Nf3 Nf6 6.O-O a6 7.d3 b5 8.Bb3 Nxb3
9.axb3 Bb7 10.e5 Nd5 11.Ne4 f5 12.exf6 Nxf6 13.Nfg5 h6 14.Qf3 Bc6 15.Qh3 Bxe4
16.dxe4 Bd6 17.Re1 O-O 18.Nf3 Bc7 19.c4 bxc4 20.bxc4 Qe8 21.e5 Nh5 22.Qg4 Kh7
23.Ra3 Rb8 24.Qe4+ g6 25.g4 Ng7 26.Qe3 g5 27.h4  1-0

[Event "100th NY Masters"]
[Site "New York USA"]
[Date "2004.05.04"]
[Round "2"]
[White "Kriventsov,S"]
[Black "Shabalov,A"]
[Result "0-1"]
[WhiteElo "2415"]
[BlackElo "2624"]

1.e4 c5 2.Nf3 Nc6 3.Nc3 d6 4.d4 cxd4 5.Nxd4 Nf6 6.f3 e5 7.Nb3 Be7 8.Be3 Be6
9.Qd2 O-O 10.O-O-O a5 11.Bb5 Na7 12.Be2 b5 13.Bxa7 a4 14.Be3 axb3 15.cxb3 b4
16.Na4 d5 17.Kb1 d4 18.Bf2 Nd7 19.f4 Nc5 20.Nxc5 Bxc5 21.Bb5 Rxa2 22.Kxa2 Qa5+
23.Kb1 Bxb3 24.Qd3 Qa2+ 25.Kc1 Rc8 26.Qb1 Qa5 27.Bd3 Ba2 28.Qc2 b3 29.Qc4 Rc7
30.Be1 Bb4 31.Bxb4 Rxc4+ 32.Bxc4 Qc7 33.fxe5 Qxc4+ 34.Bc3 Qe2 35.Rd2 Qxe4
36.Kd1 h5 37.Re1 Qg4+ 38.Ree2 dxc3 39.bxc3 Bb1 40.Rd4 Bc2+ 41.Kd2 Qg5+ 42.Re3 Qxg2+
43.Kc1 Qg1+ 44.Kd2 Qd1+  0-1

[Event "ch-POL w"]
[Site "Warsaw POL"]
[Date "2004.05.07"]
[Round "11"]
[White "Czarnota,D"]
[Black "Gapa,S"]
[Result "1/2-1/2"]
[WhiteElo "2222"]
[BlackElo "2040"]

1.e4 c5 2.Ne2 Nc6 3.Nbc3 Nf6 4.g3 d5 5.exd5 Nd4 6.Bg2 Bg4 7.O-O Nf3+ 8.Kh1 h5
9.h3 Qd7 10.Nf4 g5 11.Bxf3 gxf4 12.hxg4 hxg4+ 13.Kg1 gxf3 14.Qxf3 Qh3 15.Qg2 Qh5
16.f3 fxg3 17.d3 O-O-O 18.Ne4 Qxd5 19.Be3 Nxe4 20.fxe4 Qe6 21.Rf5 Bh6 22.Rxc5+ Kb8
23.Bxh6 Qxh6 24.Re1 Rdg8 25.Rb5 Qc6 26.c4 a6 27.Rf5 Qd6 28.Rd5 Qe6 29.Rf5 Ka8
30.Re2 Qd6 31.Qf3 g2 32.Rxg2 Qd4+ 33.Qf2 Rxg2+ 34.Kxg2 Qxd3 35.Qf3 Qd2+ 36.Qf2 Rg8+
37.Kf3 Qd3+ 38.Kf4 f6 39.e5 Qxc4+ 40.Ke3 Qc5+ 41.Ke2 Qc4+ 42.Ke3 Qc5+  1/2-1/2

[Event "7th United Insurance"]
[Site "Dhaka BAN"]
[Date "2004.05.08"]
[Round "2"]
[White "Sankalp,M"]
[Black "Abu Sufian,S"]
[Result "0-1"]
[WhiteElo "1953"]
[BlackElo "2325"]

1.e4 c5 2.Nc3 Nc6 3.Bb5 Nd4 4.f4 g6 5.Nf3 Bg7 6.O-O a6 7.Bd3 d6 8.Nxd4 cxd4
9.Ne2 Nf6 10.b3 O-O 11.Bb2 e5 12.Qe1 b5 13.a3 Bb7 14.Ng3 Nd7 15.f5 Nc5 16.Qe2 Rc8
17.Rac1 d5 18.b4 Na4 19.Ba1 Nb6 20.c3 dxc3 21.Bxc3 d4 22.Bb2 Qd6 23.Qf3 Bf6
24.Qg4 Kh8 25.Rc5 Na4 26.Rxc8 Rxc8 27.fxg6 fxg6 28.Ba1 Rc6 29.Qf3 Bc8 30.h3 Qe7
31.Kh2 Kg7 32.Qe2 Bd7 33.Nh1 Bg5 34.Qd1 Nb6 35.Bb2 Be6 36.Bc2 Nc4 37.Bc1 Bf4+
38.g3 Bh6 39.Nf2 Qd7 40.h4 Qc8 41.Bb1 Nb6 42.Nd3 Nd7 43.g4 Kg8 44.g5 Bg7
45.Qf3 Bc4 46.Bb2 Nf8 47.Nc5 Bxf1 48.Qxf1 Rc7 49.Ba2+ Kh8 50.Qf3 Nd7 51.Be6 Qf8
52.Qxf8+ Nxf8 53.Bh3 h6 54.d3 hxg5 55.hxg5 Nh7 56.Bc1 Bf8 57.Nb3 Rc3 58.Be6 Rxd3
59.Kg2 Be7 60.Bd5 Nxg5 61.Nc5 Rc3 62.Bxg5 Bxg5 63.Nxa6 d3 64.Kf2 d2 65.Ke2 Re3+  0-1

[Event "CXSP Open"]
[Site "Sao Paulo BRA"]
[Date "2004.05.11"]
[Round "6"]
[White "Cubas,Jo"]
[Black "Milos,G"]
[Result "0-1"]
[WhiteElo "2381"]
[BlackElo "2599"]

1.e4 c5 2.Nf3 Nc6 3.Nc3 d6 4.d4 cxd4 5.Nxd4 Nf6 6.f3 e6 7.Be3 Be7 8.Qd2 O-O
9.O-O-O a6 10.g4 Nxd4 11.Bxd4 b5 12.g5 Nd7 13.h4 b4 14.Na4 Bb7 15.g6 Bc6
16.h5 Bg5 17.f4 Bh6 18.Qxb4 Bxf4+ 19.Kb1 Rb8 20.gxf7+ Kxf7 21.Qa3 Bxe4 22.Rg1 Ne5
23.Nc3 Bf5 24.Qxa6 Qc7 25.Be2 Kg8 26.a4 Rb4 27.a5 Be3 28.Bxe3 Qxc3  0-1

[Event "Capablanca Mem Elite"]
[Site "Havana CUB"]
[Date "2004.05.12"]
[Round "6"]
[White "Felgaer,R"]
[Black "Ikonnikov,Vy"]
[Result "1-0"]
[WhiteElo "2592"]
[BlackElo "2556"]

1.e4 c5 2.Nc3 Nc6 3.Nge2 e5 4.Nd5 Nce7 5.Ne3 Nf6 6.Nc3 a6 7.a4 g6 8.Nc4 d6
9.f4 Bg7 10.fxe5 dxe5 11.Ne3 O-O 12.Bc4 Rb8 13.d3 Bd7 14.O-O b5 15.axb5 axb5
16.Bb3 Nc6 17.Ncd5 Nxd5 18.Nxd5 Nd4 19.Be3 Rc8 20.Ra7 Kh8 21.Qd2 f6 22.Rfa1 Nxb3
23.cxb3 Be6 24.Bh6 Rf7 25.Rxf7 Bxf7 26.Ra7 Qf8 27.Bxg7+ Kxg7 28.Qa5 Qe8 29.Qb6 Qd8
30.Qb7 Qe8 31.Qb6 Rc6 32.Qxb5 Qe6 33.h3 f5 34.Re7 Qc8 35.Qa5 fxe4 36.Qa7 Qf8
37.dxe4 g5 38.Qd7 Rg6 39.Qf5 Kg8 40.Qxe5 Bxd5 41.exd5 Qf6 42.Qb8+  1-0

[Event "7th United Insurance"]
[Site "Dhaka BAN"]
[Date "2004.05.13"]
[Round "9"]
[White "Sankalp,M"]
[Black "Monir,A"]
[Result "1-0"]
[WhiteElo "1953"]
[BlackElo "2163"]

1.e4 c5 2.Nc3 Nc6 3.Bb5 Nd4 4.f4 a6 5.Bd3 b5 6.b3 Bb7 7.Nce2 Nxe2 8.Qxe2 d5
9.exd5 Qxd5 10.Nf3 Qd6 11.Ne5 Qb6 12.a4 b4 13.a5 Qc7 14.Bb5+ axb5 15.Qxb5+ Bc6
16.Nxc6 Qd7 17.a6 e5 18.Qb7 Qc8 19.Nxe5 Be7 20.Qb5+ Kd8 21.Nxf7+ Kc7 22.Bb2  1-0

[Event "Invitational"]
[Site "Santa Monica USA"]
[Date "2004.05.13"]
[Round "3"]
[White "Matikozian,A"]
[Black "Sevillano,E"]
[Result "1-0"]
[WhiteElo "2467"]
[BlackElo "2467"]

1.e4 c5 2.Nf3 Nc6 3.Nc3 e5 4.Bc4 Be7 5.d3 d6 6.O-O a6 7.Ng5 Bxg5 8.Qh5 Be7
9.Qxf7+ Kd7 10.Qxg7 Nf6 11.f4 Rf8 12.fxe5 Nxe5 13.Bg5 Ke8 14.Nd5 Nxd5 15.Bxd5 Kd7
16.b4 cxb4 17.d4 h6 18.Bxe7 Rxf1+ 19.Rxf1 Qxe7 20.Qxe7+ Kxe7 21.dxe5 dxe5
22.Rf7+ Kd6 23.Rf8 a5 24.Rh8 a4 25.Rxh6+ Kc5 26.Rh8 Kd4 27.h4 Kc3 28.h5 Kxc2
29.h6 b3 30.Rf8 b2 31.Rf2+ Kc3 32.Rxb2 Kxb2 33.h7 Bg4 34.Bg8 Kc2 35.h8=Q Be6
36.Qxe5 Bxg8 37.a3 Rc8 38.Qd4 Rc4 39.Qd8 Be6 40.e5 Rc8 41.Qd4 Bb3 42.Qb4 Kb2
43.Kh2 Rc6 44.Kg3 b6 45.Qf8 Rg6+ 46.Kf3 Bd5+ 47.Kf4 Rxg2 48.Qd6 Bb3 49.e6 Rg6
50.Qd2+ Kxa3 51.e7 Rf6+ 52.Kg5 Re6 53.Qd7 Kb2 54.Qxe6 Bxe6 55.e8=Q Bb3 56.Qe5+ Kc2
57.Qd6 Kb2 58.Qd2+ Bc2 59.Qd4+ Kb3 60.Qxb6+ Kc3 61.Qf6+ Kb3 62.Kf4 a3 63.Qa1 a2
64.Ke3 Bb1 65.Kd4 Ka3 66.Qc3+  1-0

[Event "CXSP Open"]
[Site "Sao Paulo BRA"]
[Date "2004.05.13"]
[Round "8"]
[White "Crosa,M"]
[Black "Madeira,W"]
[Result "1-0"]
[WhiteElo "2395"]
[BlackElo "2263"]

1.e4 c5 2.Nf3 Nc6 3.Nc3 e5 4.Bc4 Be7 5.O-O d6 6.d3 Nf6 7.Ng5 O-O 8.f4 exf4
9.Bxf4 Ne5 10.Bxe5 dxe5 11.Kh1 Bg4 12.Qe1 Bh5 13.Nf3 Bd6 14.Nh4 a6 15.a4 Kh8
16.h3 Ne8 17.g4 Bg6 18.Rf3 Nc7 19.Qf2 f6 20.Nxg6+  1-0

[Event "22nd LIE-Open"]
[Site "Triesen LIE"]
[Date "2004.05.14"]
[Round "1"]
[White "White,K"]
[Black "Papa,S"]
[Result "0-1"]
[WhiteElo "2062"]
[BlackElo "2405"]

1.e4 c5 2.Nf3 Nc6 3.Nc3 Nf6 4.e5 Ng4 5.Qe2 Qc7 6.Nb5 Qb8 7.d4 cxd4 8.Bf4 f6
9.Bg3 Ngxe5 10.O-O-O d6 11.Nfxd4 a6 12.Nxc6 bxc6 13.Nd4 c5 14.Nb3 e6 15.f4 Nf7
16.Be1 Be7 17.Na5 Bd7 18.g4 d5 19.f5 Ne5 20.Bg2 Qb6 21.c4 Rb8 22.fxe6 Bxe6
23.h3 d4 24.b3 Rc8 25.Bd2 O-O 26.Qe4 Rc7 27.Rhe1 Bf7 28.Qe2 Bd6 29.Be4 Re7
30.Qg2 Kh8 31.Nc6 Nxc6 32.Bxc6 Be5 33.Be4 a5 34.Bd3 a4 35.Kc2 axb3+ 36.axb3 Rb8
37.Rb1 Ra7 38.Rb2 Ra3 39.Reb1 Qd6 40.g5 Be8 41.Qe4 Bg6 42.Qe2 fxg5 43.Bxg5 Rf8
44.Rf1 Bxd3+ 45.Qxd3 Rxf1 46.Qxf1 d3+  0-1

[Event "5th IECC"]
[Site "Antalya TUR"]
[Date "2004.05.15"]
[Round "1"]
[White "Gashimov,V"]
[Black "Esen,B"]
[Result "1-0"]
[WhiteElo "2565"]
[BlackElo "2262"]

1.e4 c5 2.Nc3 Nc6 3.Nf3 d6 4.d4 cxd4 5.Nxd4 Nf6 6.Bg5 e6 7.Qd2 a6 8.O-O-O h6
9.Be3 Bd7 10.f4 Qc7 11.Kb1 Rb8 12.Bd3 b5 13.Rhe1 Na5 14.e5 dxe5 15.fxe5 b4
16.Ncb5 axb5 17.exf6 gxf6 18.b3 Bd6 19.Bxb5 Bxb5 20.Nxb5 Rxb5 21.Qxd6 Qxd6
22.Rxd6 h5 23.Bd2 f5 24.Ra6 Nb7 25.Ra8+ Nd8 26.Rd1 Rd5 27.Kc1 Kd7 28.Bxb4 Rh6
29.Rxd5+ exd5 30.Ra5 Rg6 31.Rxd5+ Kc8 32.Rxf5  1-0

[Event "22nd LIE-Open"]
[Site "Triesen LIE"]
[Date "2004.05.15"]
[Round "2"]
[White "Afek,Y"]
[Black "Mijatovic,V"]
[Result "1/2-1/2"]
[WhiteElo "2338"]
[BlackElo "2129"]

1.e4 c5 2.Nc3 Nc6 3.Nge2 g6 4.d4 cxd4 5.Nxd4 Bg7 6.Be3 Nf6 7.Bc4 O-O 8.Bb3 d6
9.f3 Bd7 10.Qd2 Rc8 11.h4 Re8 12.O-O-O Ne5 13.Bh6 Bh8 14.h5 Nxh5 15.g4 Nf6
16.Nd5 Nc4 17.Qh2 e6 18.Ne3 b5 19.Bxc4 bxc4 20.Qxd6 c3 21.g5 Nh5 22.Ng4 cxb2+
23.Kb1 e5 24.Nb3 Bxg4 25.fxg4 Nf4 26.Kxb2 Qc7 27.Qxc7 Rxc7 28.Rh2 Rec8 29.Rhd2 Ne6
30.Rc1 Bg7 31.Rd5 Bh8 32.c3 Rc4 33.Nd2 R4c7 34.c4 Nc5 35.Rd1 Na4+ 36.Kc2 Nb6
37.Kd3 Nxc4 38.Ke2 Nb2 39.Rf1 Na4 40.Ra5 Nc3+ 41.Ke3 Rb8 42.Ra3 Rb4 43.Rc1 Nd5+
44.exd5 Rxc1 45.Rxa7 Rc3+ 46.Ke2 Rc8 47.Rd7 Bg7 48.d6 Bf8 49.Ke3 f5 50.gxf5 gxf5
51.Rc7 Rd8 52.Bxf8 Rxf8 53.Nc4 f4+ 54.Kf3 e4+ 55.Kf2 f3 56.d7 Rb1 57.Nd2 Rb2
58.Ke3 f2 59.Rc1 Rxa2 60.Nxe4 Ra3+ 61.Kd4 Rd8 62.Nf6+ Kf7  1/2-1/2

[Event "5th IECC"]
[Site "Antalya TUR"]
[Date "2004.05.16"]
[Round "2"]
[White "Drabke,L"]
[Black "Yeke,S"]
[Result "1-0"]
[WhiteElo "2453"]
[BlackElo "2238"]

1.e4 c5 2.Nc3 Nc6 3.Bb5 Nd4 4.Bc4 e6 5.Nf3 Ne7 6.Nxd4 cxd4 7.Ne2 Nc6 8.O-O Bc5
9.a3 a5 10.d3 O-O 11.Ba2 b5 12.f4 a4 13.f5 b4 14.f6 gxf6 15.Bh6 Re8 16.Ng3 Kh8
17.Qh5 Bf8 18.axb4 Nxb4 19.Bxf8 Rxf8 20.Qc5 Nc6 21.Rxf6 d6 22.Qg5 Ra5 23.Qf4 Ne5
24.Rf1 Rb5 25.Bxe6 Bxe6 26.Rxe6 fxe6 27.Qxf8+ Qxf8 28.Rxf8+ Kg7 29.Ra8 Rxb2
30.Rxa4 Ng4 31.Rxd4 Rb1+ 32.Nf1 Ne3 33.Kf2 Nxf1 34.h3 Rc1 35.Rxd6 Kf6 36.Rd8 Nd2
37.Ke3 Rxc2 38.Rf8+ Ke7 39.Rf2 Nf1+ 40.Rxf1 Rxg2 41.Kf4 Rd2 42.Rf3 Rg2 43.Rg3 Rf2+
44.Ke5 Kf7 45.d4 Ra2 46.Rc3 Rh2 47.Rc7+ Kg6 48.Kxe6 Rxh3 49.d5 Rd3 50.d6 h5
51.Rc1 Kg5 52.Rc5+ Kg4  1-0

[Event "TCh-SCG"]
[Site "Petrovac SCG"]
[Date "2004.05.16"]
[Round "1"]
[White "Kalezic,B"]
[Black "Marcetic,N"]
[Result "1/2-1/2"]
[WhiteElo "2452"]
[BlackElo "2399"]

1.e4 c5 2.Nf3 Nc6 3.Nc3 g6 4.d4 cxd4 5.Nxd4 Bg7 6.Be3 Nf6 7.Bc4 O-O 8.Bb3 d6
9.f3 Qa5 10.Qd2 Nxd4 11.Bxd4 b5 12.O-O b4 13.Nd5 Nxd5 14.exd5 Bxd4+ 15.Qxd4 Rb8
16.a3 bxa3 17.Rxa3 Qb6 18.Rd1 a6 19.Qxb6 Rxb6 20.Re1 Rb7 21.Ba4 e5 22.b3 Bf5
23.Re2 h5 24.Kf2 Rfb8 25.Ke1 Kf8 26.Kd2 Ke7 27.c4 f6 28.Kc3 Bd7 29.Bxd7 Kxd7
30.Rb2 Rb6 31.b4 g5 32.h3 f5 33.Ra4 Kc7 34.Rba2 Kb7 35.c5 Rb5 36.Ra5 Rxa5
37.Rxa5 Rc8 38.Kc4 h4 39.Kb3 Rd8 40.b5 axb5 41.Rxb5+ Kc7 42.Kc4 Ra8 43.cxd6+ Kxd6
44.Rb6+ Kd7 45.Rg6 Ra4+ 46.Kc3 Rf4 47.Kd3 Rd4+ 48.Ke3 f4+ 49.Kf2 Rd2+ 50.Kg1 Rd1+
51.Kh2 Rxd5 52.Rxg5 Kd6 53.Rg4 Ke6 54.Rxh4 Kf5 55.Rh8 Rd1 56.h4 Re1 57.Rg8 Kf6
58.Rg5 e4 59.fxe4 Rxe4 60.Kh3 Ra4 61.Rg8 Ra3+ 62.Kh2 Ra4 63.h5 Ra5 64.Rf8+ Kg5
65.h6 Ra6 66.Rg8+ Kxh6 67.Kg1 Kh5 68.Kf2 Ra3  1/2-1/2

[Event "ch-URU"]
[Site "Montevideo URU"]
[Date "2004.05.18"]
[Round "6"]
[White "Larrea,M"]
[Black "Izquierdo,D"]
[Result "1-0"]
[WhiteElo "2224"]
[BlackElo "2307"]

1.e4 c5 2.Nc3 Nc6 3.Bb5 Nd4 4.Bc4 e6 5.Nf3 Ne7 6.Nxd4 cxd4 7.Ne2 Qb6 8.O-O g6
9.c3 Nc6 10.b3 Be7 11.Bb2 dxc3 12.Bxc3 O-O 13.d4 d6 14.Qd2 a5 15.d5 exd5
16.Bxd5 Bg4 17.Nd4 Ne5 18.h3 Bd7 19.f4 Nc6 20.Kh1 Nb4 21.Bc4 d5 22.exd5 Qc5
23.f5 Nxd5 24.Bxd5 Qxd5 25.f6 Bxf6 26.Rxf6 Bxh3 27.Nf5 Qxd2 28.Ne7+ Kh8 29.Bxd2 Rad8
30.Bc3 Rd3 31.Rf3+ Rxc3 32.Rxc3 Be6 33.Rd1 Kg7 34.Nd5 g5 35.Ne3 Kg6 36.Nc4  1-0

[Event "TCh-NOR Final"]
[Site "Trondheim NOR"]
[Date "2004.05.19"]
[Round "1"]
[White "Moen,OC"]
[Black "Bjerke,S"]
[Result "1-0"]
[WhiteElo "2273"]
[BlackElo "2083"]

1.e4 c5 2.Nc3 Nc6 3.Nf3 e5 4.Bc4 d6 5.d3 Be7 6.Nd5 Nf6 7.c3 O-O 8.Nxe7+ Qxe7
9.Bg5 Be6 10.Nh4 h6 11.Bxf6 Qxf6 12.Qh5 Ne7 13.O-O d5 14.exd5 Nxd5 15.Nf3 e4
16.Bxd5 Bxd5 17.Qxd5 exf3 18.Qxf3 Qxf3 19.gxf3 Rad8 20.Rad1 Rfe8 21.Rd2 Re6
22.d4 cxd4 23.cxd4 Rg6+ 24.Kh1 Rgd6 25.Rfd1 Kf8 26.Kg2 Ke7 27.f4 Rd5 28.Re1+ Kf6
29.Re4 R8d7 30.Kf3 Rh5 31.Kg3 Ra5 32.a3 Rad5 33.h4 Kg6 34.Rd1 f5 35.Re6+ Kf7
36.Re5 Rxd4 37.Rxf5+ Kg6 38.Rxd4 Rxd4 39.Rb5 b6 40.Re5 Rd2 41.b4 Kf6 42.h5 Rd3+
43.Re3 Rd5 44.Kg4 Rd2 45.Rc3 Rd7 46.Rc6+ Kf7 47.b5 Re7 48.a4 Rd7 49.Kf5 Rd5+
50.Ke4 Rd7 51.Ke5 Re7+ 52.Kd6 Re6+ 53.Kd5 Re7 54.Rc8 g6 55.Rc6 Rd7+ 56.Ke4 Re7+
57.Kf3 gxh5 58.Rxh6 Kg7 59.Rxh5 Rc7 60.Rd5 Kf6 61.Ke4 Rc2 62.Rd6+ Ke7 63.Rc6 Rxc6
64.bxc6 Kd6 65.f5 Kxc6 66.Ke5 Kd7 67.Kf6 a6 68.Kg7  1-0

[Event "Victor Syre Open"]
[Site "Issy les Moulineaux FRA"]
[Date "2004.05.20"]
[Round "1"]
[White "Sanchez,Lo"]
[Black "Ballester,A"]
[Result "1-0"]
[WhiteElo "2235"]
[BlackElo "2070"]

1.e4 c5 2.Nc3 Nc6 3.Bb5 Nd4 4.Bc4 g6 5.Nf3 Bg7 6.Nxd4 cxd4 7.Qf3 e6 8.Nb5 d6
9.Qg3 e5 10.Qa3 Ke7 11.Qb3 Be6 12.c3 Bxc4 13.Qxc4 Rc8 14.Qe2 Qb6 15.O-O Nf6
16.a4 a6 17.Na3 Rhd8 18.Nc4 Qc5 19.d3 dxc3 20.bxc3 b5 21.axb5 axb5 22.Ba3 Qc6
23.Nxd6 Rxd6 24.f4 Ke8 25.fxe5 Re6 26.exf6 Bxf6 27.d4 Qxc3 28.Qxb5+ Kd8 29.Qd5+ Ke8
30.e5 Be7 31.Bxe7 Rxe7 32.Rad1 Rd7 33.Qe4 Qc4 34.Qh4 h5 35.e6 fxe6 36.Qf6 Re7
37.Qxg6+ Kd7 38.Qxh5 Ra8 39.Rf7 Qc2  1-0

[Event "22nd LIE-Open"]
[Site "Triesen LIE"]
[Date "2004.05.20"]
[Round "7"]
[White "Pilz,D"]
[Black "Srienz,C"]
[Result "1/2-1/2"]
[WhiteElo "2349"]
[BlackElo "2222"]

1.e4 c5 2.Nc3 Nc6 3.Nf3 e5 4.Bc4 d6 5.d3 Be7 6.h3 Nd4 7.a4 Nf6 8.Bg5 Ne6
9.Bxf6 Bxf6 10.Bb5+ Bd7 11.Nd2 O-O 12.Nc4 Bc8 13.Ne3 Bg5 14.O-O Kh8 15.Bc4 Nf4
16.Ncd5 Nxd5 17.Bxd5 Bxe3 18.fxe3 Be6  1/2-1/2

[Event "5th IECC"]
[Site "Antalya TUR"]
[Date "2004.05.21"]
[Round "6"]
[White "Esen,B"]
[Black "Idrizaj,A"]
[Result "1-0"]
[WhiteElo "2262"]
[BlackElo "2249"]

1.e4 c5 2.Nf3 Nc6 3.Nc3 d6 4.d4 cxd4 5.Nxd4 e6 6.Be3 Nf6 7.f4 Be7 8.Bd3 O-O
9.Qf3 e5 10.Nde2 Bg4 11.Qf2 exf4 12.Nxf4 Bd7 13.h3 Qa5 14.O-O-O Rac8 15.a3 Be6
16.Kb1 Ne5 17.Bd4 Nc4 18.Bxc4 Rxc4 19.Nfd5 Bxd5 20.Nxd5 Nxd5 21.exd5 b5 22.c3 Ra4
23.Rhe1 Qd8 24.Qe2 Bh4 25.g3 Bxg3 26.Rg1 Be5 27.Bxe5 dxe5 28.Qxe5 g6 29.d6 Qd7
30.Rge1 Ra6 31.Qd5 Rd8 32.Re7 Qf5+ 33.Qxf5 gxf5 34.Rd5 Raxd6 35.Rxf5 R8d7
36.Rfxf7 Rxe7 37.Rxe7 a6 38.Ka2 Rh6 39.Ra7 Rxh3 40.Rxa6 Rg3 41.Ra5  1-0

[Event "ch-URU"]
[Site "Montevideo URU"]
[Date "2004.05.21"]
[Round "9"]
[White "Magaldi,N"]
[Black "Guerrero,Alv"]
[Result "1-0"]
[WhiteElo "2185"]
[BlackElo "2120"]

1.e4 c5 2.Nf3 Nc6 3.Nc3 Nf6 4.g3 g6 5.Bg2 Bg7 6.O-O O-O 7.d3 Rb8 8.a4 a6
9.Be3 d6 10.h3 e5 11.Qd2 Nd4 12.Kh2 b5 13.axb5 axb5 14.Bxd4 cxd4 15.Ne2 b4
16.b3 Qb6 17.Nh4 Bd7 18.Ra2 Ra8 19.Rfa1 Bc6 20.Rxa8 Bxa8 21.f3 Bc6 22.Ra2 Ne8
23.Ra1 Nc7 24.Bf1 Qc5 25.Ng2 f5 26.Ng1 Ne6 27.Ne1 Bf6 28.h4 f4 29.Ne2 g5
30.Bh3 Ng7 31.hxg5 Bxg5 32.Kg2 Kh8 33.gxf4 exf4 34.Kf1 Bh6 35.Bg4 Nh5 36.Ra6 Nf6
37.Bf5 Bd7 38.Bxd7 Nxd7 39.Ng2 Qh5 40.Ng1 Ne5 41.Qf2 Bg7 42.Qh4 Qf7 43.Qe1 Rc8
44.Ra2 Qh5 45.Qh4 Qf7  1-0

[Event "22nd LIE-Open"]
[Site "Triesen LIE"]
[Date "2004.05.21"]
[Round "8"]
[White "Papa,S"]
[Black "Bhend,E"]
[Result "1-0"]
[WhiteElo "2405"]
[BlackElo "2254"]

1.e4 c5 2.Nf3 Nc6 3.Nc3 g6 4.d4 cxd4 5.Nxd4 Bg7 6.Be3 d6 7.Qd2 Nf6 8.f3 Bd7
9.O-O-O h5 10.g3 a6 11.h3 b5 12.Be2 Na5 13.Kb1 e6 14.a3 Rb8 15.g4 O-O 16.Bh6 b4
17.axb4 Rxb4 18.Bxg7 Kxg7 19.Nd5 Nxd5 20.exd5 Qb6 21.c3 Ra4 22.dxe6 fxe6
23.b4 Nb7 24.Bd3 Rxb4+ 25.cxb4 Qxd4 26.Bxa6  1-0

[Event "ch-URU"]
[Site "Montevideo URU"]
[Date "2004.05.22"]
[Round "10"]
[White "Bauza,A"]
[Black "Larrea,M"]
[Result "1/2-1/2"]
[WhiteElo "2211"]
[BlackElo "2224"]

1.e4 c5 2.Nf3 Nc6 3.Nc3 Nf6 4.d4 cxd4 5.Nxd4 d6 6.Be2 e5 7.Nb3 Be7 8.O-O O-O
9.Be3 Be6 10.f4 exf4 11.Rxf4 d5 12.Rxf6 Bxf6 13.exd5 Bxc3 14.dxc6 Bxb2 15.Rb1 Be5
16.Qxd8 Raxd8 17.cxb7 Bd5 18.Na5 Bb8 19.Bb5 f6 20.Nc6 Bxc6 21.Bxc6 Rd6 22.Bf3 Rfd8
23.c4 Ra6 24.Bd5+ Kh8 25.g3 Rxa2 26.Bf4 Ra5 27.Rc1 Rc5 28.Bxb8 Rxb8 29.Ra1 Rxd5
30.cxd5 Rxb7 31.d6 Kg8 32.Rc1 Rd7 33.Rc7 Rxd6 34.Rxa7 Rd2 35.h4 h6 36.Rb7 Kh7
37.Ra7 h5 38.Rb7 Kg6 39.Ra7 Rb2 40.Rc7 Ra2 41.Rb7 Kh6 42.Rc7 g5 43.hxg5+ Kxg5
44.Rc4 f5 45.Rb4 Re2 46.Rf4 Re4 47.Rf2 Kg4 48.Kg2 h4 49.gxh4 f4 50.Ra2 Re3
51.Ra4 Re2+ 52.Kf1 Rh2 53.Ra3 Rh1+ 54.Kf2 Rh2+ 55.Kf1 Rb2 56.Rc3 Ra2 57.Rb3 f3
58.Rb8  1/2-1/2

[Event "57th ch-RUS Qualifier"]
[Site "Tomsk RUS"]
[Date "2004.05.23"]
[Round "1"]
[White "Frolov,D"]
[Black "Shariyazdanov,A"]
[Result "1/2-1/2"]
[WhiteElo "2401"]
[BlackElo "2575"]

1.e4 c5 2.Nf3 Nc6 3.Nc3 Nf6 4.Bb5 Qc7 5.O-O Nd4 6.Nxd4 cxd4 7.Nd5 Nxd5 8.exd5 Qc5
9.c4 a6 10.b4 Qxb4 11.Ba4 b5 12.cxb5 g6 13.d3 Bg7 14.Bd2 Qd6 15.Bb3 axb5
16.Qe1 Qf6 17.Bb4 d6 18.a4 O-O 19.axb5 Rb8 20.Bc4 Bd7 21.Ra5 Rb7 22.Bd2 e6
23.Qe4 Rfb8 24.Rfa1 e5 25.Qe1 Qd8 26.Rb1 Qe8 27.Rb3 Bf6 28.Qb1 Bd8 29.Ra2 h5
30.Ba5 Bxb5 31.Bxd8 Bxc4 32.Rxb7 Bxa2 33.Rxb8 Bxb1 34.Bc7 Qxb8 35.Bxb8 Kg7
36.Bxd6 Kf6 37.f4 exf4 38.Bc5 Bxd3 39.Bxd4+ Kf5 40.d6 Bb5 41.Kf2 g5 42.Bb6 h4
43.Bd8 f6 44.Be7 g4 45.g3 fxg3+ 46.hxg3 h3 47.Kg1 Bd7  1/2-1/2

[Event "57th ch-RUS Qualifier"]
[Site "Tomsk RUS"]
[Date "2004.05.23"]
[Round "1"]
[White "Smirnov,P"]
[Black "Iskusnyh,S"]
[Result "1-0"]
[WhiteElo "2601"]
[BlackElo "2507"]

1.e4 c5 2.Nf3 Nc6 3.Nc3 d6 4.d4 cxd4 5.Nxd4 Nf6 6.Bg5 Qb6 7.Nb3 e6 8.Qd2 Be7
9.O-O-O O-O 10.f3 Rd8 11.Nb5 Rd7 12.Qe1 a6 13.N5d4 Rd8 14.g4 e5 15.Nf5 Bxf5
16.exf5 d5 17.Bd2 a5 18.a4 d4 19.g5 Nd5 20.f6 Bb4 21.Bd3 g6 22.h4 Nf4 23.Be4 d3
24.Kb1 dxc2+ 25.Bxc2 Nd4 26.Qxe5 Bxd2 27.Rxd2 Nxc2 28.Rxc2 Nd3 29.Qb5 Qe3
30.Rd1 Nf4 31.Rxd8+ Rxd8 32.Qd7 Ne6 33.Rc8 Rxc8 34.Qxc8+ Nf8 35.Qxb7 h5 36.gxh6 Qf4
37.Qe4 Qxf6 38.Nxa5 Kh7 39.Nc4 Nd7 40.a5 Kxh6 41.Qd5 Qxh4 42.a6 Qf2 43.Qxf7 Qg1+
44.Ka2 Qa7 45.Na3 Qd4 46.f4 Nb6 47.a7 Nd5 48.a8=Q Nb4+ 49.Kb3  1-0

[Event "5th IECC"]
[Site "Antalya TUR"]
[Date "2004.05.24"]
[Round "9"]
[White "Macieja,B"]
[Black "Nedev,T"]
[Result "1-0"]
[WhiteElo "2633"]
[BlackElo "2489"]

1.e4 c5 2.Nc3 Nc6 3.Bb5 Nd4 4.Bc4 e6 5.Nge2 Nf6 6.O-O a6 7.a4 d5 8.exd5 exd5
9.Ba2 Bg4 10.h3 Bxe2 11.Nxe2 Ne6 12.Re1 Bd6 13.d4 c4 14.Nf4 O-O 15.Nxe6 fxe6
16.Rxe6 Ne4 17.Rxe4 dxe4 18.Bxc4+ Kh8 19.Be3 Bc7 20.Qg4 Qd6 21.g3 Rae8 22.c3 Rf6
23.h4 Qc6 24.Bf1 Qb6 25.b4 Rg6 26.Qh3 Bxg3 27.fxg3 Qc7 28.g4 Qxc3 29.Rc1 Qxb4
30.Rc4 Qe1 31.g5 Rc6 32.Rxc6 bxc6 33.Bf2 Qd1 34.a5 Qd2 35.Be3 Qxa5 36.Qd7 Rf8
37.Qe7 Qf5 38.Bg2 Rb8 39.Qa7 Qc8 40.h5 Rb7 41.Qc5 Rb1+ 42.Kh2 Rb5 43.Qe7 Qb8+
44.Kh3 Qc8+ 45.Kh4 Rb2 46.Qxe4 Qd8 47.h6 gxh6 48.Qe5+ Kg8 49.Bxc6 Rb6 50.Qe6+ Kh8
51.Qe5+ Kg8 52.Qe6+ Kh8 53.d5 Rb4+ 54.Kh5 Qf8 55.Qf6+ Qxf6 56.gxf6 Re4 57.Bc5 Kg8
58.Be7 a5 59.d6 Rd4 60.d7 a4 61.d8=Q+ Rxd8 62.Bxd8 a3 63.Bd5+ Kh8 64.f7  1-0

[Event "29th Elekes Mem IM"]
[Site "Budapest HUN"]
[Date "2004.05.24"]
[Round "10"]
[White "Werner,Di"]
[Black "Berube,R"]
[Result "1-0"]
[WhiteElo "2362"]
[BlackElo "2193"]

1.e4 c5 2.Ne2 Nc6 3.Nbc3 e6 4.g3 Nf6 5.Bg2 d6 6.O-O Be7 7.h3 O-O 8.d3 d5
9.exd5 Nxd5 10.Nxd5 exd5 11.Nf4 d4 12.Re1 Bd6 13.Qh5 Ne7 14.Bd2 Rb8 15.Nd5 Nxd5
16.Bxd5 Qd7 17.g4 b6 18.c4 Bb7 19.Re4 Rbe8 20.Rae1 Rxe4 21.Rxe4 Bxd5 22.Qxd5 Qc7
23.Kg2 Rc8 24.a3 h6 25.b4 Rd8 26.b5 Be7 27.Bf4 Qd7 28.Qc6 Kf8 29.a4 f5 30.gxf5 Qxc6
31.bxc6 Rc8 32.Re6 Kf7 33.Kf3 Bh4 34.Ke4 Bf6 35.Kd5 Be7 36.c7 Bg5 37.Bd6  1-0